Every stop on the 468 London bus - Statistics

General Stats
  • This quiz has been taken 49 times
  • The average score is 28 of 61
Answer Stats
Stops % Correct
Elephant and Castle / Newington Causeway
84%
Swan and Sugar Loaf
68%
West Norwood Station
68%
Croydon Flyover
65%
Whitgift Centre
65%
Denmark Hill / Camberwell Green
62%
Crown Point / Beulah Hill
59%
Delta Point
59%
Bedford Hall
57%
Camberwell Green
57%
Fairfield Halls
57%
Tulse Hill Station
57%
Brockwell Park
54%
Herne Hill Station
54%
Hogarth Crescent
51%
King's College Hospital
51%
Selhurst Park Stadium
51%
Talbot Road
51%
Beulah Spa
49%
Coombe Road
49%
Devonshire Road
49%
Elephant and Castle Station
49%
Crown Point / Knights Hill
46%
East Street
46%
Lancaster Avenue
46%
Pawsons Road
46%
The Crescent
46%
Biggin Hill
43%
Borough Road
43%
Champion Hill
43%
Coldharbour Lane
43%
Larcom Street
43%
Norwood Road / Robson Road
43%
West Norwood Fire Station
43%
Blanchedowne
41%
Clifton Road
41%
Deronda Road
41%
Thurlow Park Road
41%
Westmoreland Road
41%
Bowyer Place
38%
Brockwell Park Gardens
38%
Camberwell Road / Albany Road
38%
Convent Hill
38%
Deepdene Road
38%
Hermitage Road
38%
Herne Hill Road
38%
Heygate Street
38%
Inner London Crown Court
38%
Medlar Street
38%
Rosendale Road
38%
St Julian's Farm Road
38%
Upper Beulah Hill
38%
Wyndham Road
38%
Frankfurt Road
35%
Hollingbourne Road
35%
Howden Road
35%
South Norwood Hill / All Saints Church
35%
Wharncliffe Gardens
35%
Grange Avenue
32%
Lakeview Road
32%
Whitworth Road
32%
No matching quizzes found
Score Distribution
Percent of People with Each Score
Percentile by Number Answered
Your Score History
You have not taken this quiz